表白 : 那些說不出口的話

資料類型: Book 圖書   書目號:48762

Leader xxxxxxxxxx
001 __ PCLIS00048762
005 __ 20230414140731.0
010 0_ |a978-957-13-6180-2|b平裝|dNT$280
100 __ |a20150417d2015    m  y0chiy08      e
101 0_ |achi
102 __ |acw
105 __ |aa   z   000cy
200 1_ |a表白|e那些說不出口的話|fDorothy著
205 __ |a初版
210 __ |a臺北市|c時報文化|d2015[民104]
215 0_ |a139, [2]面|c彩圖|d19公分
225 2_ |a優生活|v10
300 __ |a作者號由t038取自題名補0
306 __ |a2015年十一刷
330 __ |a「若是我們成為了世界上最遙遠的人,那是因為彼此不再主動。」對家人、朋友、情人或自己,我們也許都有一句說不出口的話。可能只是一句簡單的「謝謝」「對不起」「我喜歡你」,但由於害羞、害怕面對,或守著彆扭的自尊,所以一直沒有勇氣向最在乎的人,好好地把話說出口。說不出口的愛、自白、感謝和關心,就讓畫語傳達吧!
410 _0 |12001|a優生活|v10
606 __ |2cst|a散文
681 __ |a855|b8760
700 _0 |aDorothy|4801 _0 |atw|b內湖高中|c20140417|gCCR
詳細館藏(共 1 筆)
索 書 號登 錄 號冊次號館別 / 館藏地流通類型狀態加入預約清單電子資源
855 / 8760 1022646  圖書館 / 一樓普通區 可外借30天 在館   

| 條列資料




目錄查詢 分類查詢 個人資料 圖書薦購 新書查詢 閉館日 排行榜 更多電子資源 Hami書城 線上資料庫 登出

From : 216.73.216.116

  本日流通累計至 02:32:25 借閱 : 0 次 續借 : 0 次 歸還 : 0 次 預約 : 0 次 電子資源 : 0 次


內湖高中圖書館  PCLIS 版本  25.5.0.2